[Event "56. Campeonato de Bulgaria Femenino"]
[Site "Pernik, BUL"]
[Date "2007.03.16"]
[Round "7.1"]
[White "Videnova, Iva"]
[Black "Jordanova, Svetla"]
[Result "0-1"]
[WhiteElo "2175"]
[BlackElo "2245"]
[PlyCount "136"]
[EventDate "2007.03.11"]
[EventType "tourn"]
[EventRounds "11"]
[EventCountry "BUL"]
[Source "lmi"]
[SourceDate "2007.03.11"]

1. e4 Nc6 2. c4 e5 3. g3 Nf6 4. Bg2 Bc5 5. Ne2 d6 6. O-O Be6 7. d3 Qd7 8. h4 h6
9. Nbc3 Bh3 10. Nd5 Nxd5 11. exd5 Nd4 12. Nxd4 Bxd4 13. Be3 Bxg2 14. Kxg2 Bxe3
15. fxe3 O-O 16. e4 f5 17. Rxf5 Rxf5 18. exf5 Qxf5 19. Qf3 Qxf3+ 20. Kxf3 c5
21. dxc6 bxc6 22. b4 Rb8 23. Rb1 Kf7 24. b5 Ke6 25. a4 d5 26. Kg4 g6 27. h5 g5
28. cxd5+ Kxd5 29. Kf5 Kd4 30. Rb3 cxb5 31. axb5 Rb6 32. Rb4+ Kxd3 33. Kxe5 Kc3
34. Ra4 Rxb5+ 35. Kd6 a5 36. Kc6 Re5 37. Kd6 Kb3 38. Ra1 Rb5 39. Kc6 Rf5 40. g4
Rf4 41. Rxa5 Rxg4 42. Kd5 Rh4 43. Ra6 Rxh5 44. Rc6 g4+ 45. Ke4 Rh3 46. Kf4 h5
47. Rc5 Kb4 48. Rc1 Rc3 49. Rh1 Rc5 50. Kg3 Kc4 51. Kh4 Kd4 52. Rh2 Rf5 53. Ra2
Re5 54. Ra3 Ke4 55. Ra4+ Kf3 56. Rf4+ Ke2 57. Rf2+ Ke1 58. Ra2 Rf5 59. Ra1+ Kf2
60. Ra2+ Kg1 61. Rg2+ Kf1 62. Ra2 Rf2 63. Ra1+ Kg2 64. Ra3 Kh2 65. Kxh5 g3 66.
Kg4 g2 67. Rh3+ Kg1 68. Ra3 Rb2 0-1

[Event "56. Campeonato de Bulgaria Femenino"]
[Site "Pernik, BUL"]
[Date "2007.03.16"]
[Round "7.2"]
[White "Voiska, Margarita"]
[Black "Andreeva, Plamena"]
[Result "1/2-1/2"]
[WhiteElo "2319"]
[BlackElo "2090"]
[PlyCount "92"]
[EventDate "2007.03.11"]
[EventType "tourn"]
[EventRounds "11"]
[EventCountry "BUL"]
[Source "lmi"]
[SourceDate "2007.03.11"]

1. d4 Nf6 2. Nf3 d6 3. g3 g6 4. Bg2 Bg7 5. O-O O-O 6. Nc3 Nbd7 7. e4 e5 8. h3
exd4 9. Nxd4 Re8 10. Nb3 a5 11. a4 Ne5 12. Re1 Nc6 13. Bg5 h6 14. Be3 Kh7 15.
Nc1 Bd7 16. Nd3 Nb4 17. Nf4 Bc6 18. Bd4 Re7 19. f3 Bd7 20. Nce2 Re8 21. c3 Nc6
22. Bf2 Ne5 23. Nd4 Qc8 24. Kh2 Ng8 25. Nd5 Ne7 26. f4 N5c6 27. Nb5 Nxd5 28.
exd5 Ne7 29. g4 Bxb5 30. axb5 b6 31. Bd4 Ng8 32. Qa4 Qd7 33. Bxg7 Kxg7 34. Qc4
Re7 35. Rxe7 Qxe7 36. b4 a4 37. Ra2 Qd7 38. Qd4+ Kh7 39. c4 Qe7 40. Ra3 Qd7 41.
Qd1 Qe7 42. Qd4 Qd7 43. Bf3 Qe8 44. Re3 Qd7 45. Ra3 Qe8 46. Re3 Qd7 1/2-1/2

[Event "56. Campeonato de Bulgaria Femenino"]
[Site "Pernik, BUL"]
[Date "2007.03.16"]
[Round "7.3"]
[White "Chilingirova, Pavlina"]
[Black "Stefanova, Milena"]
[Result "1-0"]
[WhiteElo "2184"]
[BlackElo "2046"]
[PlyCount "51"]
[EventDate "2007.03.11"]
[EventType "tourn"]
[EventRounds "11"]
[EventCountry "BUL"]
[Source "lmi"]
[SourceDate "2007.03.11"]

1. c4 e5 2. d3 Nc6 3. Nf3 d6 4. Nc3 Be6 5. e4 g6 6. d4 Bg4 7. d5 Nd4 8. Nb5
Nxb5 9. cxb5 f5 10. h3 Bxf3 11. Qxf3 fxe4 12. Qxe4 Nf6 13. Qc4 Bg7 14. Be2 O-O
15. O-O Qd7 16. Bg5 a6 17. bxa6 Rxa6 18. Bxf6 Bxf6 19. Bg4 Qe7 20. Rac1 Kh8 21.
a3 c6 22. Rc2 Bg5 23. Qb3 e4 24. Be2 Ra5 25. Qc3+ Bf6 26. Qxa5 1-0

[Event "56. Campeonato de Bulgaria Femenino"]
[Site "Pernik, BUL"]
[Date "2007.03.16"]
[Round "7.4"]
[White "Nikolova, Adriana"]
[Black "Bednikova, Stefi"]
[Result "1/2-1/2"]
[WhiteElo "2204"]
[BlackElo "2068"]
[PlyCount "77"]
[EventDate "2007.03.11"]
[EventType "tourn"]
[EventRounds "11"]
[EventCountry "BUL"]
[Source "lmi"]
[SourceDate "2007.03.11"]

1. e4 d5 2. exd5 Qxd5 3. Nc3 Qa5 4. d4 c6 5. Bc4 Bf5 6. Nf3 e6 7. Bd2 Bb4 8. a3
Bxc3 9. Bxc3 Qc7 10. Qe2 Nf6 11. b4 Nbd7 12. O-O O-O 13. Bb3 Nd5 14. Bd2 Nf4
15. Qe3 Nd5 16. Qe1 N7f6 17. Nh4 Rfe8 18. f3 h6 19. Nxf5 exf5 20. Qf2 Qd6 21.
Kh1 b5 22. c3 Re7 23. Bc2 Rae8 24. Rae1 f4 25. Rxe7 Rxe7 26. Bd3 Ne3 27. Re1
Nfd5 28. Ra1 a6 29. a4 g6 30. axb5 cxb5 31. g3 Kg7 32. gxf4 Qxf4 33. Rxa6 Nxc3
34. Bxc3 Nd1 35. Qd2 Qxf3+ 36. Kg1 Qg4+ 37. Kh1 Qf3+ 38. Kg1 Qg4+ 39. Kh1
1/2-1/2

[Event "56. Campeonato de Bulgaria Femenino"]
[Site "Pernik, BUL"]
[Date "2007.03.17"]
[Round "8.2"]
[White "Raeva, Elitsa"]
[Black "Genova, Ruzka"]
[Result "1/2-1/2"]
[WhiteElo "2207"]
[BlackElo "2243"]
[PlyCount "141"]
[EventDate "2007.03.11"]
[EventType "tourn"]
[EventRounds "11"]
[EventCountry "BUL"]
[Source "lmi"]
[SourceDate "2007.03.11"]

1. d4 d5 2. c4 c6 3. Nf3 Nf6 4. e3 g6 5. Bd3 Bg7 6. O-O O-O 7. b3 Bg4 8. Nbd2
Nbd7 9. Bb2 Re8 10. Qc2 Rc8 11. Ne5 Nxe5 12. dxe5 Nd7 13. h3 Be6 14. Nf3 dxc4
15. Bxc4 Bxc4 16. Qxc4 Nb6 17. Qg4 Qc7 18. Qh4 h6 19. Rad1 Red8 20. Ba3 Rxd1
21. Rxd1 c5 22. e6 fxe6 23. Qg4 Kf7 24. Nh4 g5 25. Nf3 Nd7 26. Qh5+ Kg8 27. h4
Nf6 28. Qg6 gxh4 29. Rc1 Qa5 30. Bb2 Qxa2 31. Rb1 c4 32. bxc4 b6 33. Nd4 Rxc4
34. Nxe6 Rg4 35. Qf5 Re4 36. Bxf6 Qxe6 37. Qxe6+ Rxe6 38. Bxh4 Bf6 39. Bg3 Rc6
40. Kf1 a5 41. Ke2 Kf7 42. Kd3 Ke6 43. e4 h5 44. Bb8 Kd7 45. Bf4 Bc3 46. Be3
Bb4 47. Rh1 Rc3+ 48. Ke2 Kc6 49. Rxh5 Bc5 50. Kd2 Rb3 51. Bxc5 bxc5 52. g4 a4
53. Kc2 Rb4 54. f3 a3 55. Rh6+ Kb5 56. Rh8 Rb2+ 57. Kc3 Rf2 58. Rb8+ Kc6 59.
Ra8 Rxf3+ 60. Kc4 Rg3 61. Ra6+ Kb7 62. Ra4 Rxg4 63. Rxa3 Rxe4+ 64. Kxc5 Re5+
65. Kd4 Re6 66. Kd5 Rd6+ 67. Ke5 Rc6 68. Kd5 Rc1 69. Re3 Rc7 70. Ke6 Kc8 71.
Rf3 1/2-1/2

[Event "56. Campeonato de Bulgaria Femenino"]
[Site "Pernik, BUL"]
[Date "2007.03.17"]
[Round "8.3"]
[White "Bednikova, Stefi"]
[Black "Genova, Lybka"]
[Result "0-1"]
[WhiteElo "2068"]
[BlackElo "2214"]
[PlyCount "82"]
[EventDate "2007.03.11"]
[EventType "tourn"]
[EventRounds "11"]
[EventCountry "BUL"]
[Source "lmi"]
[SourceDate "2007.03.11"]

1. e4 c5 2. b3 e5 3. Bb2 d6 4. Bb5+ Nd7 5. Ne2 a6 6. Bxd7+ Bxd7 7. O-O Nf6 8.
d3 g5 9. Qd2 Nh5 10. Nbc3 Be6 11. Nd5 Bxd5 12. exd5 Nf4 13. Nxf4 gxf4 14. f3
Be7 15. Rae1 f6 16. a4 Qd7 17. c4 a5 18. Bc3 b6 19. Re2 Rg8 20. Kh1 Qf5 21. Qc2
Kd7 22. Be1 Qh5 23. h3 Rg6 24. Qd2 Rh6 25. Qc2 Rg8 26. Qd2 f5 27. Rg1 Rxg2 28.
h4 Rxg1+ 29. Kxg1 Rg6+ 30. Rg2 Qxf3 31. Rxg6 hxg6 32. Qg2 Qxg2+ 33. Kxg2 Ke8
34. Bf2 Kf7 35. Kf3 Kg7 36. Kg2 Kh6 37. Kh3 Kh5 38. Be1 Bf6 39. Bf2 e4 40. dxe4
fxe4 41. Be1 e3 0-1

[Event "56. Campeonato de Bulgaria Femenino"]
[Site "Pernik, BUL"]
[Date "2007.03.17"]
[Round "8.6"]
[White "Videnova, Iva"]
[Black "Voiska, Margarita"]
[Result "0-1"]
[WhiteElo "2175"]
[BlackElo "2319"]
[PlyCount "103"]
[EventDate "2007.03.11"]
[EventType "tourn"]
[EventRounds "11"]
[EventCountry "BUL"]
[Source "lmi"]
[SourceDate "2007.03.11"]

1. e4 c6 2. c4 e5 3. Nf3 d6 4. Nc3 Nf6 5. d4 Bg4 6. dxe5 Bxf3 7. Qxf3 dxe5 8.
Be2 Nbd7 9. O-O Bc5 10. Bd3 Nf8 11. Rb1 a5 12. Kh1 Ne6 13. Ne2 O-O 14. Bc2 Re8
15. g3 Nd7 16. Qg2 Qb6 17. a3 Bd4 18. b3 Qc5 19. Bd3 Qe7 20. f4 Bc5 21. f5 Nef8
22. Ra1 Qd8 23. Qf3 Be7 24. h4 h6 25. Bc2 Qc7 26. Kg2 b5 27. Rh1 Nh7 28. g4 f6
29. Ng1 bxc4 30. Nh3 Rab8 31. bxc4 Red8 32. g5 fxg5 33. hxg5 hxg5 34. Nf2 Ndf6
35. Ng4 Nxg4 36. Qxg4 Nf6 37. Qxg5 Rd4 38. Qe3 Bc5 39. Qe2 Qf7 40. Rb1 Rxb1 41.
Bxb1 Qe7 42. Rh3 Rd8 43. Rg3 Kf7 44. Bc2 Rh8 45. Qf3 Qd8 46. Qd3 Qxd3 47. Bxd3
Rb8 48. Bc2 Bd4 49. Kf3 Bb2 50. Bd2 Bxa3 51. Bxa5 Ra8 52. Bc3 0-1

[Event "56. Campeonato de Bulgaria Femenino"]
[Site "Pernik, BUL"]
[Date "2007.03.18"]
[Round "9.1"]
[White "Voiska, Margarita"]
[Black "Jordanova, Svetla"]
[Result "1-0"]
[WhiteElo "2319"]
[BlackElo "2245"]
[PlyCount "83"]
[EventDate "2007.03.11"]
[EventType "tourn"]
[EventRounds "11"]
[EventCountry "BUL"]
[Source "lmi"]
[SourceDate "2007.03.11"]

1. d4 d5 2. Nf3 Nf6 3. c4 c6 4. cxd5 cxd5 5. Nc3 Nc6 6. Bf4 Bf5 7. Rc1 e6 8.
Qb3 Bb4 9. a3 Bxc3+ 10. Rxc3 O-O 11. Qxb7 Na5 12. Qc7 Nc4 13. e3 Qxc7 14. Bxc7
Rfc8 15. Bxc4 Rxc7 16. Ba6 Rxc3 17. bxc3 Rb8 18. O-O Rb6 19. Be2 Rb2 20. Re1
Ne4 21. c4 dxc4 22. Bxc4 Nxf2 23. Rc1 h6 24. d5 exd5 25. Bxd5 Be4 26. Bxe4 Nxe4
27. h3 Rb3 28. Rc4 Nc3 29. a4 Ra3 30. Rc8+ Kh7 31. Rc7 Nxa4 32. Rxa7 Ra1+ 33.
Kh2 Kg6 34. Ne5+ Kf6 35. Nd7+ Kg6 36. Nb6 Re1 37. Rxa4 Rxe3 38. Nd5 Rb3 39.
Ra6+ Kg5 40. Ra5 Kg6 41. Nf4+ Kf6 42. h4 1-0

[Event "56. Campeonato de Bulgaria Femenino"]
[Site "Pernik, BUL"]
[Date "2007.03.18"]
[Round "9.2"]
[White "Chilingirova, Pavlina"]
[Black "Videnova, Iva"]
[Result "1-0"]
[WhiteElo "2184"]
[BlackElo "2175"]
[PlyCount "141"]
[EventDate "2007.03.11"]
[EventType "tourn"]
[EventRounds "11"]
[EventCountry "BUL"]
[Source "lmi"]
[SourceDate "2007.03.11"]

1. c4 g6 2. e4 c5 3. Nf3 Nc6 4. d4 cxd4 5. Nxd4 Bg7 6. Ne2 Nf6 7. Nbc3 O-O 8.
Be3 Ng4 9. Qd2 Nxe3 10. Qxe3 d6 11. Rc1 f5 12. Qd2 Kh8 13. exf5 Bxf5 14. Ng3
Be6 15. Be2 Qb6 16. O-O Be5 17. Nd5 Bxd5 18. cxd5 Nd4 19. Rc4 Rac8 20. b3 a5
21. Bd3 Rxc4 22. bxc4 Rf4 23. Kh1 a4 24. Ne2 Nxe2 25. Qxe2 a3 26. g3 Rf7 27. f4
Bg7 28. Rb1 Bb2 29. h4 Qd4 30. Rd1 Qf6 31. Qe4 Rg7 32. Kg2 b6 33. Be2 h5 34.
Qe3 Qc3 35. Qxb6 Bc1 36. Qf2 Qe3 37. Qxe3 Bxe3 38. Rd3 Bc5 39. Rb3 Rf7 40. Bd3
Kg7 41. Kf3 Rf8 42. Rb7 Re8 43. Bc2 Kf6 44. Ba4 Ra8 45. Bc6 Ra7 46. Rb1 Bd4 47.
Re1 Rc7 48. Re6+ Kf7 49. Bb5 Bf6 50. Re3 Ra7 51. Ke4 e5 52. dxe6+ Kxe6 53. Be8
Rc7 54. Bxg6 Kd7 55. Bxh5 Rxc4+ 56. Kf3 Bb2 57. Bf7 Rc3 58. Rxc3 Bxc3 59. g4
Ke7 60. Bd5 Kf6 61. h5 Kg7 62. g5 Kh7 63. Kg4 Bd2 64. Be4+ Kh8 65. f5 d5 66.
Bxd5 Kh7 67. Be4 Kg8 68. f6 Kh8 69. g6 Bh6 70. g7+ Bxg7 71. fxg7+ 1-0

[Event "56. Campeonato de Bulgaria Femenino"]
[Site "Pernik, BUL"]
[Date "2007.03.18"]
[Round "9.3"]
[White "Nikolova, Adriana"]
[Black "Andreeva, Plamena"]
[Result "1-0"]
[WhiteElo "2204"]
[BlackElo "2090"]
[PlyCount "87"]
[EventDate "2007.03.11"]
[EventType "tourn"]
[EventRounds "11"]
[EventCountry "BUL"]
[Source "lmi"]
[SourceDate "2007.03.11"]

1. e4 c5 2. Nf3 e6 3. d4 cxd4 4. Nxd4 Bc5 5. Nb3 Bb6 6. Nc3 Nc6 7. Bf4 Nge7 8.
Bd6 O-O 9. Qd2 a6 10. O-O-O f5 11. Bd3 Bc7 12. Bxc7 Qxc7 13. exf5 Nxf5 14. f4
d5 15. g4 Nfe7 16. Rhf1 Bd7 17. Rde1 e5 18. fxe5 Nxe5 19. Rxf8+ Rxf8 20. Qg5
Nf3 21. Bxh7+ Kxh7 22. Qh5+ Kg8 23. Rxe7 Qf4+ 24. Kd1 d4 25. Qd5+ Kh8 26. Qh5+
Qh6 27. Rxd7 dxc3 28. bxc3 Nxh2 29. Rxb7 Rc8 30. Rb6 Qxh5 31. gxh5 Rxc3 32. h6
Ng4 33. hxg7+ Kxg7 34. Kd2 Rc7 35. Rxa6 Nf6 36. Nd4 Kf7 37. a4 Nd5 38. Nb5 Rd7
39. Kc1 Nb4 40. Rh6 Rd8 41. c3 Nd3+ 42. Kc2 Nc5 43. Rh7+ Ke6 44. Ra7 1-0

[Event "56. Campeonato de Bulgaria Femenino"]
[Site "Pernik, BUL"]
[Date "2007.03.18"]
[Round "9.4"]
[White "Genova, Lybka"]
[Black "Stefanova, Milena"]
[Result "1-0"]
[WhiteElo "2214"]
[BlackElo "2046"]
[PlyCount "83"]
[EventDate "2007.03.11"]
[EventType "tourn"]
[EventRounds "11"]
[EventCountry "BUL"]
[Source "lmi"]
[SourceDate "2007.03.11"]

1. e4 d5 2. exd5 Nf6 3. Bb5+ Bd7 4. Be2 Nxd5 5. d4 Bf5 6. Nf3 e6 7. O-O Be7 8.
a3 O-O 9. c4 Nb6 10. Nc3 Bf6 11. h3 Nc6 12. Be3 h6 13. b4 a6 14. Ra2 Qe7 15.
Rd2 Rfd8 16. Qc1 g5 17. Rfd1 Qf8 18. d5 Ne5 19. Nxe5 Bxe5 20. dxe6 Rxd2 21.
Rxd2 Bxe6 22. Ne4 a5 23. b5 Nd7 24. Rd1 f5 25. Nc3 Qg7 26. Nd5 c6 27. Nb6 Nxb6
28. Bxb6 cxb5 29. cxb5 a4 30. Qe3 Bb3 31. Rb1 Rc8 32. Rc1 Rxc1+ 33. Qxc1 Qd7
34. h4 Bf4 35. Qc3 Qe6 36. Be3 Bxe3 37. fxe3 f4 38. Kf2 Bd5 39. hxg5 hxg5 40.
exf4 gxf4 41. Qd4 Bxg2 42. Bc4 1-0

[Event "56. Campeonato de Bulgaria Femenino"]
[Site "Pernik, BUL"]
[Date "2007.03.18"]
[Round "9.5"]
[White "Genova, Ruzka"]
[Black "Bednikova, Stefi"]
[Result "1-0"]
[WhiteElo "2243"]
[BlackElo "2068"]
[PlyCount "51"]
[EventDate "2007.03.11"]
[EventType "tourn"]
[EventRounds "11"]
[EventCountry "BUL"]
[Source "lmi"]
[SourceDate "2007.03.11"]

1. d4 f5 2. g3 Nf6 3. Bg2 g6 4. Nf3 Bg7 5. O-O O-O 6. Nc3 d6 7. Re1 Ne4 8. Nxe4
fxe4 9. Ng5 d5 10. f3 h6 11. Nh3 Bf5 12. c3 exf3 13. exf3 Kh7 14. Nf4 c6 15. g4
Bc8 16. Qd3 Qd6 17. Re6 Qxe6 18. Nxe6 Bxe6 19. Bd2 Bg8 20. Re1 e6 21. h4 Nd7
22. h5 Bf7 23. g5 hxg5 24. Bxg5 Rae8 25. Kf2 e5 26. hxg6+ 1-0